Squash

Bibliographic Details
Format: Book

MARC

LEADER 00000cam a2200000 7i4500
001 0000008366
002 000009121
005 20000330.0
020 |a 0706368851 
090 0 0 |a 786.343   |b PEA 
245 1 0 |a Squash 
999 |a 023534   |b BUKU   |c PINJAMAN   |e PERPUSTAKAAN KOMUNITI PETALING JAYA